International shipping : an introduction to the policies politics and the institutions of the maritime World / (Record no. 11955)

000 -LEADER
fixed length control field 00476nam a2200145 4500
008 - FIXED-LENGTH DATA ELEMENTS--GENERAL INFORMATION
fixed length control field 210115b ||||| |||| 00| 0 eng d
082 00 - DEWEY DECIMAL CLASSIFICATION NUMBER
Classification number 387.5
Item number F247
100 ## - MAIN ENTRY--PERSONAL NAME
9 (RLIN) 4213
Personal name Farthing, Bruce
245 10 - TITLE STATEMENT
Title International shipping : an introduction to the policies politics and the institutions of the maritime World /
250 ## - EDITION STATEMENT
Edition statement 2nd ed.
260 ## - PUBLICATION, DISTRIBUTION, ETC. (IMPRINT)
Place of publication, distribution, etc London:
Name of publisher, distributor, etc LLP,
Date of publication, distribution, etc 1993.
300 ## - PHYSICAL DESCRIPTION
Extent xxiv, 200 p.
650 #0 - SUBJECT ADDED ENTRY--TOPICAL TERM
Topical term or geographic name as entry element Shipping
942 ## - ADDED ENTRY ELEMENTS (KOHA)
Source of classification or shelving scheme
Item type Books
Holdings
Withdrawn status Lost status Source of classification or shelving scheme Damaged status Not for loan Permanent location Current location Date acquired Total Checkouts Full call number Barcode Date last seen Date last borrowed Koha item type
          IMU Kolkata IMU Kolkata 2021-01-15 1 387.5 F247 08455 2022-09-15 2022-08-26 Books
Designed and Maintained by IMU-KC Library, Kolkata Campus © Copyright All Rights Reserved

webs counters

Powered by Koha